History Quiz

Random History Quiz

Famous People Born August 10th Quiz Stats

 Plays Quiz not verified by Sporcle

Support Sporcle.
Go Orange.
Score 0/13 Timer 10:00
0 Plays Today
% Correct
Herbert Hoover
88%
Henri Nestle
88%
Rosanna Arquette
84%
Antonio Banderas
84%
Juan Manuel Santos
84%
Jack Haley
80%
Angie Harmon
76%
Ian Anderson
64%
Riddick Bowe
64%
Carla Hayden
64%
Betsey Johnson
60%
Ronnie Spector
60%
Alan Muraoka
44%

You're not logged in!

Compare scores with friends on all Sporcle quizzes.
OR
Log In
Forgot?

From the Vault

Pieces of Maps (Oceania II)

by AuroraIllumina

Maps tend to be more useful when kept in one piece.
Remove Ads.
Support Sporcle.
Get the best of Sporcle when you Go Orange. This ad-free experience offers more features, more stats, and more fun while also helping to support Sporcle. Thank you for becoming a member.

Show Comments

Extras

Created Feb 23, 2020ReportNominate
Tags:August, Famous People

Top Quizzes Today


Score Distribution

Your Account Isn't Verified!

In order to create a playlist on Sporcle, you need to verify the email address you used during registration. Go to your Sporcle Settings to finish the process.

Report this User

Report this user for behavior that violates our Community Guidelines.

Details: